| 000 | 01092nam a22003970a 4500 | ||
|---|---|---|---|
| 001 | PT17801 | ||
| 003 | AR-LpoUNG | ||
| 005 | 20210131232752.0 | ||
| 008 | 191001s2000||||sp |||||||||||||||||spa d | ||
| 020 |
_a8483230941 _c$51.66 |
||
| 040 |
_aAR-LpoUNG _bspa _cAR-LpoUNG _eaacr |
||
| 041 | _aspa | ||
| 044 | _asp | ||
| 082 | 0 | _a410 124int | |
| 100 | 1 | _aRadford, Andrew | |
| 245 | 1 | 0 | _aIntroducción a la lingüística |
| 250 | _a1ra. ed. | ||
| 260 |
_aBarcelona : _bCambridge University, _c2000. |
||
| 300 |
_a608 p. : _bgráfs. |
||
| 520 | _a<p>Cada sección está acompañada por numerosos ejercicios y bibliografía complementaria.</p> | ||
| 650 | 4 | _aDICCIONARIOS | |
| 650 | 4 | _aNIÑOS | |
| 651 | 4 | _aDOCUMENTOS TEORICOS O METODOLOGICOS | |
| 653 | _aHABLA | ||
| 653 | _aPALABRAS | ||
| 653 | _aPERCEPCION | ||
| 653 | _aPSICOLINGÜISTICA | ||
| 653 | _aSOCIOLINGÜISTICA | ||
| 653 | _aSONIDOS | ||
| 700 | 1 | _aAtkinson, Martín | |
| 700 | 1 |
_aBel Rafecas, Nuria _etr. |
|
| 700 | 1 | _aBritain, David | |
| 700 | 1 | _aClahsen, Harald | |
| 905 | _a17801 | ||
| 942 | _cLSALA | ||
| 999 |
_c17401 _d17401 |
||